000
00258nam a22000857a 4500
008
160820b xxu||||| |||| 00| 0 eng d
100
_9
190
_a
Nair P.M
245
_a
The Kalam Effect: My years with the president
260
_a
New Delhi
_b
Harper Collins publication
_c
2011
999
_c
2848
_d
2848